Applying General Equilibrium

Gespeichert in:
Bibliographische Detailangaben
1. Verfasser: Shoven, John B.
Weitere Verfasser: Whalley, John
Format: Buch
Sprache:Englisch
Veröffentlicht: Cambridge Cambridge University Press 1995
Ausgabe:1. ed., 1. repr.
Schriftenreihe:Cambridge Surveys of Economic Literature
Schlagworte:
Tags: Tag hinzufügen
Keine Tags, Fügen Sie das erste Tag hinzu!

MARC

LEADER 00000nam a2200000 4500
001 c012741
005 20221205132740.0
020 |a 0-521-31986-2 
041 0 |a eng 
044 |a US 
245 1 0 |a Applying General Equilibrium  |c John B. Shoven, John Whalley 
250 |a 1. ed., 1. repr. 
264 1 |a Cambridge  |b Cambridge University Press  |c 1995 
300 |a 299 s. 
490 1 |a Cambridge Surveys of Economic Literature 
830 0 |a Cambridge Surveys of Economic Literature 
610 2 0 |a rovnováha 
610 2 0 |a modely rovnováhy 
610 2 0 |a analýza štruktúrna 
610 2 0 |a analýzy 
100 1 |a Shoven, John B. 
700 1 |a Whalley, John